Toutes les spécialités - Voie Générale - Statistiques

Statistiques générales
  • Ce quiz a été pris 27 fois
  • Le résultat moyen est 9 sur 16
Statistiques - réponses
NB d'étudiants Spécialités % Correct
168 112 Mathématiques
88%
118 985 Physique-Chimie
83%
88 424 Sciences de la Vie et de la Terre (SVT)
83%
91 725 Histoire-Géographie, Géopolitique et Sciences Politiques (HGGSP)
79%
130 069 Sciences Économiques et Sociales (SES)
75%
66 485 LLCE Anglais
71%
66 485 LLCE Espagnol
67%
20 576 Arts
63%
37 356 Humanités, Littérature et Philosophie (HLP)
58%
66 485 LLCE Allemand
58%
66 485 LLCE Italien
50%
5 447 Sciences de l'ingénieur (SI)
42%
17 061 Numérique et sciences informatiques (NSI)
38%
293 LLCA Latin
25%
99 LLCA Grec
21%
5 725 Éducation Physique, Pratiques et Culture Sportives (EPPCS)
4%
Aucun quiz correspondant
Distribution des résultats
% des personnes avec chaque résultat
Percentile par nombre de réponses
Votre historique - résultats
Vous n’avez pas pris ce quiz